000 00810nam a22002177a 4500
005 20191224042301.0
008 150205b2010 pe |||||r|||| 00| 0 spa d
040 _aCO-BoIAVH
_cCO-BoIAVH
041 _aspa
044 _ape
082 0 4 _a577.38
_bE77p2
245 0 0 _aPlan de manejo participativo del páramo del sector El Toldo de la comunidad campesina de Samanga, Ayabaca, Piura
260 _aLima:
_bInstituto de Montaña NCI,
_c2010.
300 _a45 páginas.
_c20 cm.
505 _aPlan de manejo participativo -- conceptos, visión, diagnóstico, metas, estrategias. Zonificación
650 6 _aManejo participativo
650 6 _aPáramos
_zPerú
650 6 _aComunidades campesinas
651 _aPerú
_zEl Toldo.
_z Samanga.
_z Ayabaca.
_z Piura.
942 _2ddc
_cLIBRO
999 _c18788
_d18788